{"text_format":"3","workbook":"xlsx","n_sheets":17,"sheets":["部门财务收支预算总表01-1","部门收入预算表01-2","部门支出预算表01-3","部门财政拨款收支预算总表02-1","一般公共预算支出预算表02-2","一般公共预算“三公”经费支出预算表03","部门基本支出预算表04","部门项目支出预算表05-1","部门项目支出绩效目标表05-2","部门政府性基金预算表06","部门政府采购预算表07","部门政府购买服务预算表08","省对下转移支付预算表09-1","省对下转移支付绩效目标表09-2","新增资产配置表10","中央转移支付补助项目支出预算表11","部门项目支出中期规划预算表12"],"read":"whole","date_system":"1900"}

{"sheet":"部门财务收支预算总表01-1","index":0,"n_rows":22,"n_cols":4,"rows_kept":22,"merged":[[2,0,2,3],[3,0,3,1],[4,0,4,1],[4,2,4,3],[5,0,6,0],[5,1,6,1],[5,2,6,2],[5,3,6,3]]}
[]
[{"$nulls":3},"预算01-1表"]
["2025年部门财务收支预算总表"]
[{"$f":"\"单位名称：\"&\"云南省交通运输综合行政执法局\"","v":"单位名称：云南省交通运输综合行政执法局"},null,null,"单位:元"]
["收        入",null,"支        出"]
["项      目","预算数","项目（按功能分类）","预算数"]
[]
["一、一般公共预算拨款收入",{"v":33829386.05,"d":"33,829,386.05"},{"$f":"\"一\"&\"、\"&\"社会保障和就业支出\"","v":"一、社会保障和就业支出"},{"v":1835742.78,"d":"1,835,742.78"}]
["二、政府性基金预算拨款收入",null,{"$f":"\"二\"&\"、\"&\"卫生健康支出\"","v":"二、卫生健康支出"},{"v":2062718.22,"d":"2,062,718.22"}]
["三、国有资本经营预算拨款收入",null,{"$f":"\"三\"&\"、\"&\"交通运输支出\"","v":"三、交通运输支出"},{"v":28825794.05,"d":"28,825,794.05"}]
["四、财政专户管理资金收入",null,{"$f":"\"四\"&\"、\"&\"住房保障支出\"","v":"四、住房保障支出"},{"v":1457863.92,"d":"1,457,863.92"}]
["五、单位资金"]
["1、事业收入"]
["2、事业单位经营收入"]
["3、上级补助收入"]
["4、附属单位上缴收入"]
["5、其他收入"]
["本年收入合计",{"v":33829386.05,"d":"33,829,386.05"},"本年支出合计",{"v":34182118.97,"d":"34,182,118.97"}]
["上年结转结余",{"v":352732.92,"d":"352,732.92"},"年终结转结余"]
["1、财政拨款结转结余",{"v":352732.92,"d":"352,732.92"},"1、财政拨款结转结余"]
["2、使用非财政拨款结余",null,"2、非财政拨款结余"]
["收  入  总  计",{"v":34182118.97,"d":"34,182,118.97"},"支 出 总 计",{"v":34182118.97,"d":"34,182,118.97"}]

{"sheet":"部门收入预算表01-2","index":1,"n_rows":10,"n_cols":19,"rows_kept":10,"merged":[[1,17,1,18],[2,0,2,18],[3,0,3,3],[3,17,3,18],[4,0,6,0],[4,1,6,1],[4,2,6,2],[4,3,4,13],[4,14,4,18],[5,3,6,3],[5,4,6,4],[5,5,6,5],[5,6,6,6],[5,7,6,7],[5,8,5,13],[5,14,6,14],[5,15,6,15],[5,16,6,16],[5,17,6,17],[5,18,6,18]]}
[]
[{"$nulls":17},"预算01-2表"]
["2025年部门收入预算表"]
[{"$f":"\"单位名称：\"&\"云南省交通运输综合行政执法局\"","v":"单位名称：云南省交通运输综合行政执法局"},{"$nulls":16},"单位:元","单位:元"]
["部门（单位）代码","部门（单位）名称","合计","本年收入",{"$nulls":10},"上年结转结余"]
[{"$nulls":3},"小计","一般公共预算","政府性基金预算","国有资本经营预算","财政专户管理资金","单位资金收入",null,"事业单位经营收入","上级补助收入","附属单位上缴收入","其他收入","小计","一般公共预算","政府性基金预算","国有资本经营预算","使用非财政拨款结余"]
[{"$nulls":8},"小计","事业收入","事业单位经营收入","上级补助收入","附属单位上缴收入","其他收入"]
[1,2,3,4,5,6,7,8,9,10,11,12,13,14,15,16,17,18,19]
["123010001","云南省交通运输综合行政执法局",{"v":34182118.97,"d":"34,182,118.97"},{"v":33829386.05,"d":"33,829,386.05"},{"v":33829386.05,"d":"33,829,386.05"},{"$nulls":9},{"v":352732.92,"d":"352,732.92"},{"v":352732.92,"d":"352,732.92"}]
["合计",null,{"v":34182118.97,"d":"34,182,118.97"},{"v":33829386.05,"d":"33,829,386.05"},{"v":33829386.05,"d":"33,829,386.05"},{"$nulls":9},{"v":352732.92,"d":"352,732.92"},{"v":352732.92,"d":"352,732.92"}]

{"sheet":"部门支出预算表01-3","index":2,"n_rows":27,"n_cols":15,"rows_kept":27,"merged":[[2,0,2,14],[3,0,3,11],[4,0,5,0],[4,1,5,1],[4,2,5,2],[4,3,4,5],[4,6,5,6],[4,7,5,7],[4,8,5,8],[4,9,4,14],[26,0,26,1]]}
[]
[{"$nulls":14},"预算01-3表"]
["2025年部门支出预算表"]
[{"$f":"\"单位名称：\"&\"云南省交通运输综合行政执法局\"","v":"单位名称：云南省交通运输综合行政执法局"},{"$nulls":13},"单位:元"]
["科目编码","科目名称","合计","一般公共预算",null,null,"政府性基金预算","国有资本经营预算","财政专户管理的支出","单位资金","事业支出","事业单位\n经营支出","上级补助支出","附属单位补助支出","其他支出"]
[{"$nulls":3},"小计","基本支出","项目支出",{"$nulls":3},"小计","事业支出","事业单位\n经营支出","上级补助支出","附属单位补助支出","其他支出"]
[1,2,3,4,5,6,7,8,9,10,11,12,13,14,15]
["208","社会保障和就业支出",{"v":1835742.78,"d":"1,835,742.78"},{"v":1835742.78,"d":"1,835,742.78"},{"v":1835742.78,"d":"1,835,742.78"}]
["20805","行政事业单位养老支出",{"v":1818317.6,"d":"1,818,317.60"},{"v":1818317.6,"d":"1,818,317.60"},{"v":1818317.6,"d":"1,818,317.60"}]
["2080502","事业单位离退休",{"v":35100,"d":"35,100.00"},{"v":35100,"d":"35,100.00"},{"v":35100,"d":"35,100.00"}]
["2080505","机关事业单位基本养老保险缴费支出",{"v":1783217.6,"d":"1,783,217.60"},{"v":1783217.6,"d":"1,783,217.60"},{"v":1783217.6,"d":"1,783,217.60"}]
["20899","其他社会保障和就业支出",{"v":17425.18,"d":"17,425.18"},{"v":17425.18,"d":"17,425.18"},{"v":17425.18,"d":"17,425.18"}]
["2089999","其他社会保障和就业支出",{"v":17425.18,"d":"17,425.18"},{"v":17425.18,"d":"17,425.18"},{"v":17425.18,"d":"17,425.18"}]
["210","卫生健康支出",{"v":2062718.22,"d":"2,062,718.22"},{"v":2062718.22,"d":"2,062,718.22"},{"v":2062718.22,"d":"2,062,718.22"}]
["21011","行政事业单位医疗",{"v":2062718.22,"d":"2,062,718.22"},{"v":2062718.22,"d":"2,062,718.22"},{"v":2062718.22,"d":"2,062,718.22"}]
["2101102","事业单位医疗",{"v":1203671.88,"d":"1,203,671.88"},{"v":1203671.88,"d":"1,203,671.88"},{"v":1203671.88,"d":"1,203,671.88"}]
["2101103","公务员医疗补助",{"v":803276.34,"d":"803,276.34"},{"v":803276.34,"d":"803,276.34"},{"v":803276.34,"d":"803,276.34"}]
["2101199","其他行政事业单位医疗支出",{"v":55770,"d":"55,770.00"},{"v":55770,"d":"55,770.00"},{"v":55770,"d":"55,770.00"}]
["214","交通运输支出",{"v":28825794.05,"d":"28,825,794.05"},{"v":28825794.05,"d":"28,825,794.05"},{"v":14598751.13,"d":"14,598,751.13"},{"v":14227042.92,"d":"14,227,042.92"}]
["21401","公路水路运输",{"v":28825794.05,"d":"28,825,794.05"},{"v":28825794.05,"d":"28,825,794.05"},{"v":14598751.13,"d":"14,598,751.13"},{"v":14227042.92,"d":"14,227,042.92"}]
["2140109","交通运输信息化建设",{"v":3352800,"d":"3,352,800.00"},{"v":3352800,"d":"3,352,800.00"},null,{"v":3352800,"d":"3,352,800.00"}]
["2140112","公路运输管理",{"v":9521510,"d":"9,521,510.00"},{"v":9521510,"d":"9,521,510.00"},null,{"v":9521510,"d":"9,521,510.00"}]
["2140199","其他公路水路运输支出",{"v":15951484.05,"d":"15,951,484.05"},{"v":15951484.05,"d":"15,951,484.05"},{"v":14598751.13,"d":"14,598,751.13"},{"v":1352732.92,"d":"1,352,732.92"}]
["221","住房保障支出",{"v":1457863.92,"d":"1,457,863.92"},{"v":1457863.92,"d":"1,457,863.92"},{"v":1457863.92,"d":"1,457,863.92"}]
["22102","住房改革支出",{"v":1457863.92,"d":"1,457,863.92"},{"v":1457863.92,"d":"1,457,863.92"},{"v":1457863.92,"d":"1,457,863.92"}]
["2210201","住房公积金",{"v":1457863.92,"d":"1,457,863.92"},{"v":1457863.92,"d":"1,457,863.92"},{"v":1457863.92,"d":"1,457,863.92"}]
["合  计","合  计",{"v":34182118.97,"d":"34,182,118.97"},{"v":34182118.97,"d":"34,182,118.97"},{"v":19955076.05,"d":"19,955,076.05"},{"v":14227042.92,"d":"14,227,042.92"}]

{"sheet":"部门财政拨款收支预算总表02-1","index":3,"n_rows":17,"n_cols":4,"rows_kept":17,"merged":[[2,0,2,3],[3,0,3,1],[4,0,4,1],[4,2,4,3],[5,0,6,0],[5,1,6,1],[5,2,6,2],[5,3,6,3]]}
[]
[{"$nulls":3},"预算02-1表"]
["2025年财政拨款收支预算总表"]
[{"$f":"\"单位名称：\"&\"云南省交通运输综合行政执法局\"","v":"单位名称：云南省交通运输综合行政执法局"},null,null,"单位:元"]
["收        入",null,"支        出"]
["项      目","预算数","支出功能分类科目","预算数"]
[]
["一、本年收入",{"v":33829386.05,"d":"33,829,386.05"},"一、本年支出",{"v":34182118.97,"d":"34,182,118.97"}]
["（一）一般公共预算拨款",{"v":33829386.05,"d":"33,829,386.05"},{"$f":"\"（一）\"&\"社会保障和就业支出\"","v":"（一）社会保障和就业支出"},{"v":1835742.78,"d":"1,835,742.78"}]
["（二）政府性基金预算拨款",null,{"$f":"\"（二）\"&\"卫生健康支出\"","v":"（二）卫生健康支出"},{"v":2062718.22,"d":"2,062,718.22"}]
["（三）国有资本经营预算拨款",null,{"$f":"\"（三）\"&\"交通运输支出\"","v":"（三）交通运输支出"},{"v":28825794.05,"d":"28,825,794.05"}]
["二、上年结转",{"v":352732.92,"d":"352,732.92"},{"$f":"\"（四）\"&\"住房保障支出\"","v":"（四）住房保障支出"},{"v":1457863.92,"d":"1,457,863.92"}]
["（一）一般公共预算拨款",{"v":352732.92,"d":"352,732.92"}]
["（二）政府性基金预算拨款"]
["（三）国有资本经营预算拨款"]
[null,null,"二、年终结转结余"]
["收 入 总 计",{"v":34182118.97,"d":"34,182,118.97"},"支 出 总 计",{"v":34182118.97,"d":"34,182,118.97"}]

{"sheet":"一般公共预算支出预算表02-2","index":4,"n_rows":27,"n_cols":7,"rows_kept":27,"merged":[[2,0,2,6],[3,0,3,4],[4,0,4,1],[4,2,5,2],[4,3,4,5],[4,6,5,6],[26,0,26,1]]}
[]
[{"$nulls":6},"预算02-2表"]
["2025年一般公共预算支出预算表（按功能科目分类）"]
[{"$f":"\"单位名称：\"&\"云南省交通运输综合行政执法局\"","v":"单位名称：云南省交通运输综合行政执法局"},{"$nulls":5},"单位:元"]
["部门预算支出功能分类科目",null,"合计","基本支出",null,null,"项目支出"]
["科目编码","科目名称",null,"小计","人员经费","公用经费"]
["1","2","3",null,"4","5","6"]
["208","社会保障和就业支出",{"v":1835742.78,"d":"1,835,742.78"},{"v":1835742.78,"d":"1,835,742.78"},{"v":1800642.78,"d":"1,800,642.78"},{"v":35100,"d":"35,100.00"}]
["20805","行政事业单位养老支出",{"v":1818317.6,"d":"1,818,317.60"},{"v":1818317.6,"d":"1,818,317.60"},{"v":1783217.6,"d":"1,783,217.60"},{"v":35100,"d":"35,100.00"}]
["2080502","事业单位离退休",{"v":35100,"d":"35,100.00"},{"v":35100,"d":"35,100.00"},null,{"v":35100,"d":"35,100.00"}]
["2080505","机关事业单位基本养老保险缴费支出",{"v":1783217.6,"d":"1,783,217.60"},{"v":1783217.6,"d":"1,783,217.60"},{"v":1783217.6,"d":"1,783,217.60"}]
["20899","其他社会保障和就业支出",{"v":17425.18,"d":"17,425.18"},{"v":17425.18,"d":"17,425.18"},{"v":17425.18,"d":"17,425.18"}]
["2089999","其他社会保障和就业支出",{"v":17425.18,"d":"17,425.18"},{"v":17425.18,"d":"17,425.18"},{"v":17425.18,"d":"17,425.18"}]
["210","卫生健康支出",{"v":2062718.22,"d":"2,062,718.22"},{"v":2062718.22,"d":"2,062,718.22"},{"v":2062718.22,"d":"2,062,718.22"}]
["21011","行政事业单位医疗",{"v":2062718.22,"d":"2,062,718.22"},{"v":2062718.22,"d":"2,062,718.22"},{"v":2062718.22,"d":"2,062,718.22"}]
["2101102","事业单位医疗",{"v":1203671.88,"d":"1,203,671.88"},{"v":1203671.88,"d":"1,203,671.88"},{"v":1203671.88,"d":"1,203,671.88"}]
["2101103","公务员医疗补助",{"v":803276.34,"d":"803,276.34"},{"v":803276.34,"d":"803,276.34"},{"v":803276.34,"d":"803,276.34"}]
["2101199","其他行政事业单位医疗支出",{"v":55770,"d":"55,770.00"},{"v":55770,"d":"55,770.00"},{"v":55770,"d":"55,770.00"}]
["214","交通运输支出",{"v":28473061.13,"d":"28,473,061.13"},{"v":14598751.13,"d":"14,598,751.13"},{"v":12202492.4,"d":"12,202,492.40"},{"v":2396258.73,"d":"2,396,258.73"},{"v":13874310,"d":"13,874,310.00"}]
["21401","公路水路运输",{"v":28473061.13,"d":"28,473,061.13"},{"v":14598751.13,"d":"14,598,751.13"},{"v":12202492.4,"d":"12,202,492.40"},{"v":2396258.73,"d":"2,396,258.73"},{"v":13874310,"d":"13,874,310.00"}]
["2140109","交通运输信息化建设",{"v":3352800,"d":"3,352,800.00"},{"$nulls":3},{"v":3352800,"d":"3,352,800.00"}]
["2140112","公路运输管理",{"v":9521510,"d":"9,521,510.00"},{"$nulls":3},{"v":9521510,"d":"9,521,510.00"}]
["2140199","其他公路水路运输支出",{"v":15598751.13,"d":"15,598,751.13"},{"v":14598751.13,"d":"14,598,751.13"},{"v":12202492.4,"d":"12,202,492.40"},{"v":2396258.73,"d":"2,396,258.73"},{"v":1000000,"d":"1,000,000.00"}]
["221","住房保障支出",{"v":1457863.92,"d":"1,457,863.92"},{"v":1457863.92,"d":"1,457,863.92"},{"v":1457863.92,"d":"1,457,863.92"}]
["22102","住房改革支出",{"v":1457863.92,"d":"1,457,863.92"},{"v":1457863.92,"d":"1,457,863.92"},{"v":1457863.92,"d":"1,457,863.92"}]
["2210201","住房公积金",{"v":1457863.92,"d":"1,457,863.92"},{"v":1457863.92,"d":"1,457,863.92"},{"v":1457863.92,"d":"1,457,863.92"}]
["合  计","合  计",{"v":33829386.05,"d":"33,829,386.05"},{"v":19955076.05,"d":"19,955,076.05"},{"v":17523717.32,"d":"17,523,717.32"},{"v":2431358.73,"d":"2,431,358.73"},{"v":13874310,"d":"13,874,310.00"}]

{"sheet":"一般公共预算“三公”经费支出预算表03","index":5,"n_rows":8,"n_cols":6,"rows_kept":8,"merged":[[2,0,2,5],[3,0,3,3],[4,0,5,0],[4,1,5,1],[4,2,4,4],[4,5,5,5]]}
[]
[{"$nulls":5},"预算03表"]
["2025年一般公共预算“三公”经费支出预算表"]
[{"$f":"\"单位名称：\"&\"云南省交通运输综合行政执法局\"","v":"单位名称：云南省交通运输综合行政执法局"},{"$nulls":4},"单位：元"]
["“三公”经费合计","因公出国（境）费","公务用车购置及运行费",null,null,"公务接待费"]
[null,null,"小计","公务用车购置费","公务用车运行费"]
[1,2,3,4,5,6]
[{"v":74600,"d":"74,600.00"},null,{"v":74600,"d":"74,600.00"},null,{"v":74600,"d":"74,600.00"}]

{"sheet":"部门基本支出预算表04","index":6,"n_rows":38,"n_cols":23,"rows_kept":38,"merged":[[2,0,2,22],[3,0,3,6],[4,0,7,0],[4,1,7,1],[4,2,7,2],[4,3,7,3],[4,4,7,4],[4,5,7,5],[4,6,7,6],[4,7,4,22],[5,7,7,7],[5,8,5,12],[5,13,5,15],[5,16,7,16],[5,17,5,22],[6,8,7,8],[6,9,7,9],[6,10,7,10],[6,11,7,11],[6,12,7,12],[6,13,7,13],[6,14,7,14],[6,15,7,15],[6,17,7,17],[6,18,7,18],[6,19,7,19],[6,20,7,20],[6,21,7,21],[6,22,7,22],[37,0,37,6]]}
[]
[{"$nulls":22},"预算04表"]
["2025年部门基本支出预算表"]
[{"$f":"\"单位名称：\"&\"云南省交通运输综合行政执法局\"","v":"单位名称：云南省交通运输综合行政执法局"},{"$nulls":21},"单位：元"]
["单位名称","项目代码","项目名称","功能科目编码","功能科目名称","经济科目编码","经济科目名称","资金来源"]
[{"$nulls":7},"合计","一般公共预算",{"$nulls":4},"财政拨款结转结余",null,null,"财政专户管理资金","单位资金"]
[{"$nulls":8},"全年数","已提前安排","抵扣上年垫付资金","本次下达","另文下达","一般公共预算","政府性基金预算","国有资本经营预算",null,"小计","事业收入","事业单位\n经营收入","上级补助收入","附属单位上缴收入","其他收入"]
[]
[1,2,3,4,5,6,7,8,9,10,11,12,13,14,15,16,17,18,19,20,21,22,23]
["云南省交通运输综合行政执法局",{"$nulls":6},{"v":19955076.05,"d":"19,955,076.05"},{"v":19955076.05,"d":"19,955,076.05"},{"v":4950853.78,"d":"4,950,853.78"},{"v":2600,"d":"2,600.00"},{"v":15001622.27,"d":"15,001,622.27"}]
["云南省交通运输综合行政执法局","530000231100001107476","社会保障缴费","2080505","机关事业单位基本养老保险缴费支出","30108","机关事业单位基本养老保险缴费",{"v":1783217.6,"d":"1,783,217.60"},{"v":1783217.6,"d":"1,783,217.60"},{"v":445804.4,"d":"445,804.40"},null,{"v":1337413.2,"d":"1,337,413.20"}]
["云南省交通运输综合行政执法局","530000231100001107476","社会保障缴费","2089999","其他社会保障和就业支出","30112","其他社会保障缴费",{"v":17425.18,"d":"17,425.18"},{"v":17425.18,"d":"17,425.18"},{"v":4356.3,"d":"4,356.30"},null,{"v":13068.88,"d":"13,068.88"}]
["云南省交通运输综合行政执法局","530000231100001107476","社会保障缴费","2101102","事业单位医疗","30110","职工基本医疗保险缴费",{"v":1203671.88,"d":"1,203,671.88"},{"v":1203671.88,"d":"1,203,671.88"},{"v":300917.97,"d":"300,917.97"},null,{"v":902753.91,"d":"902,753.91"}]
["云南省交通运输综合行政执法局","530000231100001107476","社会保障缴费","2101103","公务员医疗补助","30111","公务员医疗补助缴费",{"v":803276.34,"d":"803,276.34"},{"v":803276.34,"d":"803,276.34"},{"v":200819.09,"d":"200,819.09"},null,{"v":602457.25,"d":"602,457.25"}]
["云南省交通运输综合行政执法局","530000231100001107476","社会保障缴费","2101199","其他行政事业单位医疗支出","30112","其他社会保障缴费",{"v":55770,"d":"55,770.00"},{"v":55770,"d":"55,770.00"},{"v":55770,"d":"55,770.00"}]
["云南省交通运输综合行政执法局","530000231100001107479","公车购置及运维费","2140199","其他公路水路运输支出","30231","公务用车运行维护费",{"v":74600,"d":"74,600.00"},{"v":74600,"d":"74,600.00"},null,null,{"v":74600,"d":"74,600.00"}]
["云南省交通运输综合行政执法局","530000231100001107480","行政人员公务交通补贴","2140199","其他公路水路运输支出","30239","其他交通费用",{"v":899400,"d":"899,400.00"},{"v":899400,"d":"899,400.00"},{"v":224850,"d":"224,850.00"},null,{"v":674550,"d":"674,550.00"}]
["云南省交通运输综合行政执法局","530000231100001107481","工会经费","2140199","其他公路水路运输支出","30228","工会经费",{"v":243873.88,"d":"243,873.88"},{"v":243873.88,"d":"243,873.88"},{"v":60968.47,"d":"60,968.47"},null,{"v":182905.41,"d":"182,905.41"}]
["云南省交通运输综合行政执法局","530000231100001107488","行政人员支出工资","2140199","其他公路水路运输支出","30101","基本工资",{"v":4215480,"d":"4,215,480.00"},{"v":4215480,"d":"4,215,480.00"},{"v":1053870,"d":"1,053,870.00"},null,{"v":3161610,"d":"3,161,610.00"}]
["云南省交通运输综合行政执法局","530000231100001107488","行政人员支出工资","2140199","其他公路水路运输支出","30102","津贴补贴",{"v":5194404,"d":"5,194,404.00"},{"v":5194404,"d":"5,194,404.00"},{"v":1298601,"d":"1,298,601.00"},null,{"v":3895803,"d":"3,895,803.00"}]
["云南省交通运输综合行政执法局","530000231100001107488","行政人员支出工资","2140199","其他公路水路运输支出","30103","奖金",{"v":351290,"d":"351,290.00"},{"v":351290,"d":"351,290.00"},{"v":87822.5,"d":"87,822.50"},null,{"v":263467.5,"d":"263,467.50"}]
["云南省交通运输综合行政执法局","530000231100001107492","住房公积金","2210201","住房公积金","30113","住房公积金",{"v":1457863.92,"d":"1,457,863.92"},{"v":1457863.92,"d":"1,457,863.92"},{"v":364465.98,"d":"364,465.98"},null,{"v":1093397.94,"d":"1,093,397.94"}]
["云南省交通运输综合行政执法局","530000231100001107493","对个人和家庭的补助","2140199","其他公路水路运输支出","30399","其他对个人和家庭的补助",{"v":8798.4,"d":"8,798.40"},{"v":8798.4,"d":"8,798.40"},{"v":2199.6,"d":"2,199.60"},null,{"v":6598.8,"d":"6,598.80"}]
["云南省交通运输综合行政执法局","530000231100001107495","一般公用经费","2080502","事业单位离退休","30299","其他商品和服务支出",{"v":35100,"d":"35,100.00"},{"v":35100,"d":"35,100.00"},{"v":8775,"d":"8,775.00"},null,{"v":26325,"d":"26,325.00"}]
["云南省交通运输综合行政执法局","530000231100001107495","一般公用经费","2140199","其他公路水路运输支出","30201","办公费",{"v":241770.97,"d":"241,770.97"},{"v":241770.97,"d":"241,770.97"},null,null,{"v":241770.97,"d":"241,770.97"}]
["云南省交通运输综合行政执法局","530000231100001107495","一般公用经费","2140199","其他公路水路运输支出","30202","印刷费",{"v":22000,"d":"22,000.00"},{"v":22000,"d":"22,000.00"},{"v":5500,"d":"5,500.00"},null,{"v":16500,"d":"16,500.00"}]
["云南省交通运输综合行政执法局","530000231100001107495","一般公用经费","2140199","其他公路水路运输支出","30205","水费",{"v":65000,"d":"65,000.00"},{"v":65000,"d":"65,000.00"},{"v":16250,"d":"16,250.00"},null,{"v":48750,"d":"48,750.00"}]
["云南省交通运输综合行政执法局","530000231100001107495","一般公用经费","2140199","其他公路水路运输支出","30206","电费",{"v":80000,"d":"80,000.00"},{"v":80000,"d":"80,000.00"},{"v":20000,"d":"20,000.00"},null,{"v":60000,"d":"60,000.00"}]
["云南省交通运输综合行政执法局","530000231100001107495","一般公用经费","2140199","其他公路水路运输支出","30207","邮电费",{"v":35000,"d":"35,000.00"},{"v":35000,"d":"35,000.00"},{"v":8750,"d":"8,750.00"},null,{"v":26250,"d":"26,250.00"}]
["云南省交通运输综合行政执法局","530000231100001107495","一般公用经费","2140199","其他公路水路运输支出","30211","差旅费",{"v":120000,"d":"120,000.00"},{"v":120000,"d":"120,000.00"},{"v":30000,"d":"30,000.00"},null,{"v":90000,"d":"90,000.00"}]
["云南省交通运输综合行政执法局","530000231100001107495","一般公用经费","2140199","其他公路水路运输支出","30213","维修（护）费",{"v":90000,"d":"90,000.00"},{"v":90000,"d":"90,000.00"},{"v":22500,"d":"22,500.00"},null,{"v":67500,"d":"67,500.00"}]
["云南省交通运输综合行政执法局","530000231100001107495","一般公用经费","2140199","其他公路水路运输支出","30216","培训费",{"v":22000,"d":"22,000.00"},{"v":22000,"d":"22,000.00"},{"v":5500,"d":"5,500.00"},null,{"v":16500,"d":"16,500.00"}]
["云南省交通运输综合行政执法局","530000231100001107495","一般公用经费","2140199","其他公路水路运输支出","30229","福利费",{"v":243873.88,"d":"243,873.88"},{"v":243873.88,"d":"243,873.88"},{"v":60968.47,"d":"60,968.47"},null,{"v":182905.41,"d":"182,905.41"}]
["云南省交通运输综合行政执法局","530000231100001107495","一般公用经费","2140199","其他公路水路运输支出","30239","其他交通费用",{"v":89940,"d":"89,940.00"},{"v":89940,"d":"89,940.00"},{"v":22485,"d":"22,485.00"},null,{"v":67455,"d":"67,455.00"}]
["云南省交通运输综合行政执法局","530000231100001107495","一般公用经费","2140199","其他公路水路运输支出","30240","税金及附加费用",{"v":5000,"d":"5,000.00"},{"v":5000,"d":"5,000.00"},{"v":1250,"d":"1,250.00"},null,{"v":3750,"d":"3,750.00"}]
["云南省交通运输综合行政执法局","530000231100001107495","一般公用经费","2140199","其他公路水路运输支出","30299","其他商品和服务支出",{"v":163800,"d":"163,800.00"},{"v":163800,"d":"163,800.00"},{"v":40950,"d":"40,950.00"},null,{"v":122850,"d":"122,850.00"}]
["云南省交通运输综合行政执法局","530000241100002221324","行政人员绩效奖","2140199","其他公路水路运输支出","30103","奖金",{"v":2432520,"d":"2,432,520.00"},{"v":2432520,"d":"2,432,520.00"},{"v":607480,"d":"607,480.00"},{"v":2600,"d":"2,600.00"},{"v":1822440,"d":"1,822,440.00"}]
["合  计",{"$nulls":6},{"v":19955076.05,"d":"19,955,076.05"},{"v":19955076.05,"d":"19,955,076.05"},{"v":4950853.78,"d":"4,950,853.78"},{"v":2600,"d":"2,600.00"},{"v":15001622.27,"d":"15,001,622.27"}]

{"sheet":"部门项目支出预算表05-1","index":7,"n_rows":26,"n_cols":23,"rows_kept":26,"merged":[[2,0,2,22],[3,0,3,8],[4,0,6,0],[4,1,6,1],[4,2,6,2],[4,3,6,3],[4,4,6,4],[4,5,6,5],[4,6,6,6],[4,7,6,7],[4,8,6,8],[4,9,4,12],[4,13,4,15],[4,16,6,16],[4,17,4,22],[5,9,5,10],[5,11,6,11],[5,12,6,12],[5,13,6,13],[5,14,6,14],[5,15,6,15],[5,17,6,17],[5,18,6,18],[5,19,6,19],[5,20,6,20],[5,21,6,21],[5,22,6,22],[25,0,25,7]]}
[]
[{"$nulls":22},"预算05-1表"]
["2025年部门项目支出预算表"]
[{"$f":"\"单位名称：\"&\"云南省交通运输综合行政执法局\"","v":"单位名称：云南省交通运输综合行政执法局"},"单位名称：云南省交通运输综合行政执法局",{"$nulls":20},"单位：元"]
["项目分类","项目代码","项目名称","项目单位","功能科目编码","功能科目名称","经济科目编码","经济科目名称","合计","本年拨款",{"$nulls":3},"财政拨款结转结余",null,null,"财政专户管理资金","单位资金"]
[{"$nulls":9},"一般公共预算",null,"政府性基金预算","国有资本经营预算","一般公共预算","政府性基金预算","国有资本经营预算",null,"小计","事业收入","事业单位\n经营收入","上级补助收入","附属单位上缴收入","其他收入"]
[{"$nulls":9},"小计","其中：本次下达"]
[1,2,3,4,5,6,7,8,9,10,11,12,13,14,15,16,17,18,19,20,21,22,23]
[null,null,"川渝滇黔四（省）市交通执法协作工作专项经费",{"$nulls":5},{"v":110000,"d":"110,000.00"},{"v":110000,"d":"110,000.00"},{"v":110000,"d":"110,000.00"}]
["其他运转类","530000251100003329456","川渝滇黔四（省）市交通执法协作工作专项经费","云南省交通运输综合行政执法局","2140112","公路运输管理","30227","委托业务费",{"v":100000,"d":"100,000.00"},{"v":100000,"d":"100,000.00"},{"v":100000,"d":"100,000.00"}]
["其他运转类","530000251100003329456","川渝滇黔四（省）市交通执法协作工作专项经费","云南省交通运输综合行政执法局","2140112","公路运输管理","30299","其他商品和服务支出",{"v":10000,"d":"10,000.00"},{"v":10000,"d":"10,000.00"},{"v":10000,"d":"10,000.00"}]
[null,null,"道路运输从业资格考试专项资金",{"$nulls":5},{"v":1000000,"d":"1,000,000.00"},{"v":1000000,"d":"1,000,000.00"},{"v":1000000,"d":"1,000,000.00"}]
["民生类","530000231100001064866","道路运输从业资格考试专项资金","云南省交通运输综合行政执法局","2140199","其他公路水路运输支出","30213","维修（护）费",{"v":1000000,"d":"1,000,000.00"},{"v":1000000,"d":"1,000,000.00"},{"v":1000000,"d":"1,000,000.00"}]
[null,null,"交通运输行政执法监管专项经费",{"$nulls":5},{"v":8759942.92,"d":"8,759,942.92"},{"v":8407210,"d":"8,407,210.00"},{"v":6704850,"d":"6,704,850.00"},null,null,{"v":352732.92,"d":"352,732.92"}]
["专项业务类","530000241100002008481","交通运输行政执法监管专项经费","云南省交通运输综合行政执法局","2140112","公路运输管理","30211","差旅费",{"v":650480,"d":"650,480.00"},{"v":650480,"d":"650,480.00"},{"v":650480,"d":"650,480.00"}]
["专项业务类","530000241100002008481","交通运输行政执法监管专项经费","云南省交通运输综合行政执法局","2140112","公路运输管理","30213","维修（护）费",{"v":2788170,"d":"2,788,170.00"},{"v":2788170,"d":"2,788,170.00"},{"v":2788170,"d":"2,788,170.00"}]
["专项业务类","530000241100002008481","交通运输行政执法监管专项经费","云南省交通运输综合行政执法局","2140112","公路运输管理","30218","专用材料费",{"v":1902910,"d":"1,902,910.00"},{"v":1902910,"d":"1,902,910.00"},{"v":200550,"d":"200,550.00"}]
["专项业务类","530000241100002008481","交通运输行政执法监管专项经费","云南省交通运输综合行政执法局","2140112","公路运输管理","30227","委托业务费",{"v":2879900,"d":"2,879,900.00"},{"v":2879900,"d":"2,879,900.00"},{"v":2879900,"d":"2,879,900.00"}]
["专项业务类","530000241100002008481","交通运输行政执法监管专项经费","云南省交通运输综合行政执法局","2140112","公路运输管理","30299","其他商品和服务支出",{"v":185750,"d":"185,750.00"},{"v":185750,"d":"185,750.00"},{"v":185750,"d":"185,750.00"}]
["事业发展类","530000241100002008481","交通运输行政执法监管专项经费","云南省交通运输综合行政执法局","2140199","其他公路水路运输支出","30211","差旅费",{"v":159321.22,"d":"159,321.22"},{"$nulls":4},{"v":159321.22,"d":"159,321.22"}]
["事业发展类","530000241100002008481","交通运输行政执法监管专项经费","云南省交通运输综合行政执法局","2140199","其他公路水路运输支出","30227","委托业务费",{"v":193411.7,"d":"193,411.70"},{"$nulls":4},{"v":193411.7,"d":"193,411.70"}]
[null,null,"行政执法制式服装配（换）发购置专项经费",{"$nulls":5},{"v":1004300,"d":"1,004,300.00"},{"v":1004300,"d":"1,004,300.00"},{"v":1004300,"d":"1,004,300.00"}]
["事业发展类","530000251100003234759","行政执法制式服装配（换）发购置专项经费","云南省交通运输综合行政执法局","2140112","公路运输管理","30218","专用材料费",{"v":1004300,"d":"1,004,300.00"},{"v":1004300,"d":"1,004,300.00"},{"v":1004300,"d":"1,004,300.00"}]
[null,null,"政务信息化运维服务项目补助资金",{"$nulls":5},{"v":3352800,"d":"3,352,800.00"},{"v":3352800,"d":"3,352,800.00"},{"v":3352800,"d":"3,352,800.00"}]
["其他运转类","530000251100003143681","政务信息化运维服务项目补助资金","云南省交通运输综合行政执法局","2140109","交通运输信息化建设","30213","维修（护）费",{"v":3352800,"d":"3,352,800.00"},{"v":3352800,"d":"3,352,800.00"},{"v":3352800,"d":"3,352,800.00"}]
["合  计",{"$nulls":7},{"v":14227042.92,"d":"14,227,042.92"},{"v":13874310,"d":"13,874,310.00"},{"v":12171950,"d":"12,171,950.00"},null,null,{"v":352732.92,"d":"352,732.92"}]

{"sheet":"部门项目支出绩效目标表05-2","index":8,"n_rows":48,"n_cols":10,"rows_kept":48,"merged":[[2,0,2,9],[3,0,3,7],[7,0,21,0],[7,1,21,1],[22,0,31,0],[22,1,31,1],[32,0,37,0],[32,1,37,1],[38,0,41,0],[38,1,41,1],[42,0,47,0],[42,1,47,1]]}
[]
[{"$nulls":9},"预算05-2表"]
["2025年部门项目支出绩效目标表"]
[{"$f":"\"单位名称：\"&\"云南省交通运输综合行政执法局\"","v":"单位名称：云南省交通运输综合行政执法局"}]
["单位名称、项目名称","项目年度绩效目标","一级指标","二级指标","三级指标","指标性质","指标值","度量单位","指标属性","指标内容"]
[1,2,3,4,5,6,7,8,9,10]
["云南省交通运输综合行政执法局"]
["交通运输行政执法监管专项经费","运用财政资金840.73万元，按照省交通执法局工作部署，开展2025年度交通运输行政执法监管工作，以实现：\n保障2025年云南省交通运输综合行政执法局机关正常运转，控制局机关运行经费支出，降低机关运行成本；使省交通执法局具有良好的办公环境，为全省交通运输综合行政执法领域从业人员提供便捷优质的服务；建立监管有力、服务优质的交通运输综合行政执法体制，为交通强国建设提供有力的保障。具体目标为：\n1.保证全省执法系统执法人员全员参保，完成全系统执法人员装备配备，全面提高执法队伍整体素质；\n2.开展多次全省性专项应急演练，完成内部巡查全覆盖，维持每年各类巡查检查核查人数在60人以上；\n3.完成执法局治超项目、协管人员项目专项审计以及对局属6个支队预算收支执行审计；\n4.宣传计划全部按时完成，受益对象政策知晓率达到90%以上，问题整改落实率至少在80%以上。","产出指标","数量指标","执法装备购置计划完成率","=","100","%","定量指标","反映部门执法装备购置计划完成情况。"]
["交通运输行政执法监管专项经费","运用财政资金840.73万元，按照省交通执法局工作部署，开展2025年度交通运输行政执法监管工作，以实现：\n保障2025年云南省交通运输综合行政执法局机关正常运转，控制局机关运行经费支出，降低机关运行成本；使省交通执法局具有良好的办公环境，为全省交通运输综合行政执法领域从业人员提供便捷优质的服务；建立监管有力、服务优质的交通运输综合行政执法体制，为交通强国建设提供有力的保障。具体目标为：\n1.保证全省执法系统执法人员全员参保，完成全系统执法人员装备配备，全面提高执法队伍整体素质；\n2.开展多次全省性专项应急演练，完成内部巡查全覆盖，维持每年各类巡查检查核查人数在60人以上；\n3.完成执法局治超项目、协管人员项目专项审计以及对局属6个支队预算收支执行审计；\n4.宣传计划全部按时完成，受益对象政策知晓率达到90%以上，问题整改落实率至少在80%以上。","产出指标","数量指标","内部审计完成率","=","100","%","定量指标","反映执法局资产清查专项审计以及对局属6个支队预算收支执行审计完成情况。"]
["交通运输行政执法监管专项经费","运用财政资金840.73万元，按照省交通执法局工作部署，开展2025年度交通运输行政执法监管工作，以实现：\n保障2025年云南省交通运输综合行政执法局机关正常运转，控制局机关运行经费支出，降低机关运行成本；使省交通执法局具有良好的办公环境，为全省交通运输综合行政执法领域从业人员提供便捷优质的服务；建立监管有力、服务优质的交通运输综合行政执法体制，为交通强国建设提供有力的保障。具体目标为：\n1.保证全省执法系统执法人员全员参保，完成全系统执法人员装备配备，全面提高执法队伍整体素质；\n2.开展多次全省性专项应急演练，完成内部巡查全覆盖，维持每年各类巡查检查核查人数在60人以上；\n3.完成执法局治超项目、协管人员项目专项审计以及对局属6个支队预算收支执行审计；\n4.宣传计划全部按时完成，受益对象政策知晓率达到90%以上，问题整改落实率至少在80%以上。","产出指标","数量指标","各类安全生产监管及巡查督查参与人数",">=","60","人","定量指标","反映参与各类安全生产监管及巡查督查工作的人数。"]
["交通运输行政执法监管专项经费","运用财政资金840.73万元，按照省交通执法局工作部署，开展2025年度交通运输行政执法监管工作，以实现：\n保障2025年云南省交通运输综合行政执法局机关正常运转，控制局机关运行经费支出，降低机关运行成本；使省交通执法局具有良好的办公环境，为全省交通运输综合行政执法领域从业人员提供便捷优质的服务；建立监管有力、服务优质的交通运输综合行政执法体制，为交通强国建设提供有力的保障。具体目标为：\n1.保证全省执法系统执法人员全员参保，完成全系统执法人员装备配备，全面提高执法队伍整体素质；\n2.开展多次全省性专项应急演练，完成内部巡查全覆盖，维持每年各类巡查检查核查人数在60人以上；\n3.完成执法局治超项目、协管人员项目专项审计以及对局属6个支队预算收支执行审计；\n4.宣传计划全部按时完成，受益对象政策知晓率达到90%以上，问题整改落实率至少在80%以上。","产出指标","数量指标","开展全省性专项应急演练次数","=","1.00","次","定量指标","反映开展全省性综合应急演练次数情况。"]
["交通运输行政执法监管专项经费","运用财政资金840.73万元，按照省交通执法局工作部署，开展2025年度交通运输行政执法监管工作，以实现：\n保障2025年云南省交通运输综合行政执法局机关正常运转，控制局机关运行经费支出，降低机关运行成本；使省交通执法局具有良好的办公环境，为全省交通运输综合行政执法领域从业人员提供便捷优质的服务；建立监管有力、服务优质的交通运输综合行政执法体制，为交通强国建设提供有力的保障。具体目标为：\n1.保证全省执法系统执法人员全员参保，完成全系统执法人员装备配备，全面提高执法队伍整体素质；\n2.开展多次全省性专项应急演练，完成内部巡查全覆盖，维持每年各类巡查检查核查人数在60人以上；\n3.完成执法局治超项目、协管人员项目专项审计以及对局属6个支队预算收支执行审计；\n4.宣传计划全部按时完成，受益对象政策知晓率达到90%以上，问题整改落实率至少在80%以上。","产出指标","数量指标","全省执法系统执法人员参保率","=","100","%","定量指标","反映全系统执法人员意外伤害险参保情况。"]
["交通运输行政执法监管专项经费","运用财政资金840.73万元，按照省交通执法局工作部署，开展2025年度交通运输行政执法监管工作，以实现：\n保障2025年云南省交通运输综合行政执法局机关正常运转，控制局机关运行经费支出，降低机关运行成本；使省交通执法局具有良好的办公环境，为全省交通运输综合行政执法领域从业人员提供便捷优质的服务；建立监管有力、服务优质的交通运输综合行政执法体制，为交通强国建设提供有力的保障。具体目标为：\n1.保证全省执法系统执法人员全员参保，完成全系统执法人员装备配备，全面提高执法队伍整体素质；\n2.开展多次全省性专项应急演练，完成内部巡查全覆盖，维持每年各类巡查检查核查人数在60人以上；\n3.完成执法局治超项目、协管人员项目专项审计以及对局属6个支队预算收支执行审计；\n4.宣传计划全部按时完成，受益对象政策知晓率达到90%以上，问题整改落实率至少在80%以上。","产出指标","数量指标","巡查覆盖率","=","100","%","定量指标","反映完成省执法局内部巡查任务完成情况。"]
["交通运输行政执法监管专项经费","运用财政资金840.73万元，按照省交通执法局工作部署，开展2025年度交通运输行政执法监管工作，以实现：\n保障2025年云南省交通运输综合行政执法局机关正常运转，控制局机关运行经费支出，降低机关运行成本；使省交通执法局具有良好的办公环境，为全省交通运输综合行政执法领域从业人员提供便捷优质的服务；建立监管有力、服务优质的交通运输综合行政执法体制，为交通强国建设提供有力的保障。具体目标为：\n1.保证全省执法系统执法人员全员参保，完成全系统执法人员装备配备，全面提高执法队伍整体素质；\n2.开展多次全省性专项应急演练，完成内部巡查全覆盖，维持每年各类巡查检查核查人数在60人以上；\n3.完成执法局治超项目、协管人员项目专项审计以及对局属6个支队预算收支执行审计；\n4.宣传计划全部按时完成，受益对象政策知晓率达到90%以上，问题整改落实率至少在80%以上。","产出指标","数量指标","档案室建设完成率","=","100","%","定量指标","反映档案室建设按时完成情况。"]
["交通运输行政执法监管专项经费","运用财政资金840.73万元，按照省交通执法局工作部署，开展2025年度交通运输行政执法监管工作，以实现：\n保障2025年云南省交通运输综合行政执法局机关正常运转，控制局机关运行经费支出，降低机关运行成本；使省交通执法局具有良好的办公环境，为全省交通运输综合行政执法领域从业人员提供便捷优质的服务；建立监管有力、服务优质的交通运输综合行政执法体制，为交通强国建设提供有力的保障。具体目标为：\n1.保证全省执法系统执法人员全员参保，完成全系统执法人员装备配备，全面提高执法队伍整体素质；\n2.开展多次全省性专项应急演练，完成内部巡查全覆盖，维持每年各类巡查检查核查人数在60人以上；\n3.完成执法局治超项目、协管人员项目专项审计以及对局属6个支队预算收支执行审计；\n4.宣传计划全部按时完成，受益对象政策知晓率达到90%以上，问题整改落实率至少在80%以上。","产出指标","数量指标","机关运行保障服务任务完成率","=","100","%","定量指标","反映机关养护、运维等各类运行保障服务任务完成情况。"]
["交通运输行政执法监管专项经费","运用财政资金840.73万元，按照省交通执法局工作部署，开展2025年度交通运输行政执法监管工作，以实现：\n保障2025年云南省交通运输综合行政执法局机关正常运转，控制局机关运行经费支出，降低机关运行成本；使省交通执法局具有良好的办公环境，为全省交通运输综合行政执法领域从业人员提供便捷优质的服务；建立监管有力、服务优质的交通运输综合行政执法体制，为交通强国建设提供有力的保障。具体目标为：\n1.保证全省执法系统执法人员全员参保，完成全系统执法人员装备配备，全面提高执法队伍整体素质；\n2.开展多次全省性专项应急演练，完成内部巡查全覆盖，维持每年各类巡查检查核查人数在60人以上；\n3.完成执法局治超项目、协管人员项目专项审计以及对局属6个支队预算收支执行审计；\n4.宣传计划全部按时完成，受益对象政策知晓率达到90%以上，问题整改落实率至少在80%以上。","产出指标","质量指标","验收合格率","=","100","%","定量指标","反映各项购置设备物资的验收通过情况。\n"]
["交通运输行政执法监管专项经费","运用财政资金840.73万元，按照省交通执法局工作部署，开展2025年度交通运输行政执法监管工作，以实现：\n保障2025年云南省交通运输综合行政执法局机关正常运转，控制局机关运行经费支出，降低机关运行成本；使省交通执法局具有良好的办公环境，为全省交通运输综合行政执法领域从业人员提供便捷优质的服务；建立监管有力、服务优质的交通运输综合行政执法体制，为交通强国建设提供有力的保障。具体目标为：\n1.保证全省执法系统执法人员全员参保，完成全系统执法人员装备配备，全面提高执法队伍整体素质；\n2.开展多次全省性专项应急演练，完成内部巡查全覆盖，维持每年各类巡查检查核查人数在60人以上；\n3.完成执法局治超项目、协管人员项目专项审计以及对局属6个支队预算收支执行审计；\n4.宣传计划全部按时完成，受益对象政策知晓率达到90%以上，问题整改落实率至少在80%以上。","产出指标","时效指标","设备维修时效性","<=","15","天","定量指标","反映设备维修工作开展时效性情况。"]
["交通运输行政执法监管专项经费","运用财政资金840.73万元，按照省交通执法局工作部署，开展2025年度交通运输行政执法监管工作，以实现：\n保障2025年云南省交通运输综合行政执法局机关正常运转，控制局机关运行经费支出，降低机关运行成本；使省交通执法局具有良好的办公环境，为全省交通运输综合行政执法领域从业人员提供便捷优质的服务；建立监管有力、服务优质的交通运输综合行政执法体制，为交通强国建设提供有力的保障。具体目标为：\n1.保证全省执法系统执法人员全员参保，完成全系统执法人员装备配备，全面提高执法队伍整体素质；\n2.开展多次全省性专项应急演练，完成内部巡查全覆盖，维持每年各类巡查检查核查人数在60人以上；\n3.完成执法局治超项目、协管人员项目专项审计以及对局属6个支队预算收支执行审计；\n4.宣传计划全部按时完成，受益对象政策知晓率达到90%以上，问题整改落实率至少在80%以上。","产出指标","时效指标","设备部署及时率",">=","90","%","定量指标","反映新购设备按时部署情况。"]
["交通运输行政执法监管专项经费","运用财政资金840.73万元，按照省交通执法局工作部署，开展2025年度交通运输行政执法监管工作，以实现：\n保障2025年云南省交通运输综合行政执法局机关正常运转，控制局机关运行经费支出，降低机关运行成本；使省交通执法局具有良好的办公环境，为全省交通运输综合行政执法领域从业人员提供便捷优质的服务；建立监管有力、服务优质的交通运输综合行政执法体制，为交通强国建设提供有力的保障。具体目标为：\n1.保证全省执法系统执法人员全员参保，完成全系统执法人员装备配备，全面提高执法队伍整体素质；\n2.开展多次全省性专项应急演练，完成内部巡查全覆盖，维持每年各类巡查检查核查人数在60人以上；\n3.完成执法局治超项目、协管人员项目专项审计以及对局属6个支队预算收支执行审计；\n4.宣传计划全部按时完成，受益对象政策知晓率达到90%以上，问题整改落实率至少在80%以上。","产出指标","时效指标","宣传计划按时完成率",">=","90","%","定量指标","反映在规定时间内宣传任务计划完成情况。"]
["交通运输行政执法监管专项经费","运用财政资金840.73万元，按照省交通执法局工作部署，开展2025年度交通运输行政执法监管工作，以实现：\n保障2025年云南省交通运输综合行政执法局机关正常运转，控制局机关运行经费支出，降低机关运行成本；使省交通执法局具有良好的办公环境，为全省交通运输综合行政执法领域从业人员提供便捷优质的服务；建立监管有力、服务优质的交通运输综合行政执法体制，为交通强国建设提供有力的保障。具体目标为：\n1.保证全省执法系统执法人员全员参保，完成全系统执法人员装备配备，全面提高执法队伍整体素质；\n2.开展多次全省性专项应急演练，完成内部巡查全覆盖，维持每年各类巡查检查核查人数在60人以上；\n3.完成执法局治超项目、协管人员项目专项审计以及对局属6个支队预算收支执行审计；\n4.宣传计划全部按时完成，受益对象政策知晓率达到90%以上，问题整改落实率至少在80%以上。","效益指标","社会效益","政策知晓率",">=","90","%","定量指标","反映对受益对象的政策的宣传效果情况。"]
["交通运输行政执法监管专项经费","运用财政资金840.73万元，按照省交通执法局工作部署，开展2025年度交通运输行政执法监管工作，以实现：\n保障2025年云南省交通运输综合行政执法局机关正常运转，控制局机关运行经费支出，降低机关运行成本；使省交通执法局具有良好的办公环境，为全省交通运输综合行政执法领域从业人员提供便捷优质的服务；建立监管有力、服务优质的交通运输综合行政执法体制，为交通强国建设提供有力的保障。具体目标为：\n1.保证全省执法系统执法人员全员参保，完成全系统执法人员装备配备，全面提高执法队伍整体素质；\n2.开展多次全省性专项应急演练，完成内部巡查全覆盖，维持每年各类巡查检查核查人数在60人以上；\n3.完成执法局治超项目、协管人员项目专项审计以及对局属6个支队预算收支执行审计；\n4.宣传计划全部按时完成，受益对象政策知晓率达到90%以上，问题整改落实率至少在80%以上。","效益指标","社会效益","问题整改落实率",">=","80","%","定量指标","反映各类巡查检查核查发现问题的整改落实情况。"]
["交通运输行政执法监管专项经费","运用财政资金840.73万元，按照省交通执法局工作部署，开展2025年度交通运输行政执法监管工作，以实现：\n保障2025年云南省交通运输综合行政执法局机关正常运转，控制局机关运行经费支出，降低机关运行成本；使省交通执法局具有良好的办公环境，为全省交通运输综合行政执法领域从业人员提供便捷优质的服务；建立监管有力、服务优质的交通运输综合行政执法体制，为交通强国建设提供有力的保障。具体目标为：\n1.保证全省执法系统执法人员全员参保，完成全系统执法人员装备配备，全面提高执法队伍整体素质；\n2.开展多次全省性专项应急演练，完成内部巡查全覆盖，维持每年各类巡查检查核查人数在60人以上；\n3.完成执法局治超项目、协管人员项目专项审计以及对局属6个支队预算收支执行审计；\n4.宣传计划全部按时完成，受益对象政策知晓率达到90%以上，问题整改落实率至少在80%以上。","满意度指标","服务对象满意度","干部职工对局机关后勤服务满意度",">=","90","%","定量指标","反映干部职工对局机关后勤服务满意度情况。"]
["道路运输从业资格考试专项资金","1、保障我省86个经营性道路客货运输驾驶员从业资格考试考点正常开展从业资格考试,主要包括系统升级，运营维护、数据传输、监督管理，考试管理，系统管理规范及题库更新维护。做到100%系统运营维护。3.题库编制完成率、从业资格管理规范率、网络智能免费教学系统升级维护计划完成率均达到90%，考试系统的正常运转率达到100%，无纸化考试完成率达90%。2、全省通过考试系统的道路运输从业人员人数达160万人。3、系统使用满意度不低于95%。","产出指标","数量指标","从业资格考试系统升级维护计划完成率",">=","90","%","定量指标","反映从业资格考试系统升级维护计划完成情况。"]
["道路运输从业资格考试专项资金","1、保障我省86个经营性道路客货运输驾驶员从业资格考试考点正常开展从业资格考试,主要包括系统升级，运营维护、数据传输、监督管理，考试管理，系统管理规范及题库更新维护。做到100%系统运营维护。3.题库编制完成率、从业资格管理规范率、网络智能免费教学系统升级维护计划完成率均达到90%，考试系统的正常运转率达到100%，无纸化考试完成率达90%。2、全省通过考试系统的道路运输从业人员人数达160万人。3、系统使用满意度不低于95%。","产出指标","数量指标","从业资格管理规范编制工作完成率",">=","90","%","定量指标","反映从业资格管理规范编制工作完成情况。"]
["道路运输从业资格考试专项资金","1、保障我省86个经营性道路客货运输驾驶员从业资格考试考点正常开展从业资格考试,主要包括系统升级，运营维护、数据传输、监督管理，考试管理，系统管理规范及题库更新维护。做到100%系统运营维护。3.题库编制完成率、从业资格管理规范率、网络智能免费教学系统升级维护计划完成率均达到90%，考试系统的正常运转率达到100%，无纸化考试完成率达90%。2、全省通过考试系统的道路运输从业人员人数达160万人。3、系统使用满意度不低于95%。","产出指标","数量指标","从业资格考试题库维护编制完成率",">=","90","%","定量指标","反映从业资格考试题库维护编制完成情况。"]
["道路运输从业资格考试专项资金","1、保障我省86个经营性道路客货运输驾驶员从业资格考试考点正常开展从业资格考试,主要包括系统升级，运营维护、数据传输、监督管理，考试管理，系统管理规范及题库更新维护。做到100%系统运营维护。3.题库编制完成率、从业资格管理规范率、网络智能免费教学系统升级维护计划完成率均达到90%，考试系统的正常运转率达到100%，无纸化考试完成率达90%。2、全省通过考试系统的道路运输从业人员人数达160万人。3、系统使用满意度不低于95%。","产出指标","数量指标","全省从业资格考点维护完成量",">=","90","个","定量指标","反映全省从业资格考点维护完成情况。"]
["道路运输从业资格考试专项资金","1、保障我省86个经营性道路客货运输驾驶员从业资格考试考点正常开展从业资格考试,主要包括系统升级，运营维护、数据传输、监督管理，考试管理，系统管理规范及题库更新维护。做到100%系统运营维护。3.题库编制完成率、从业资格管理规范率、网络智能免费教学系统升级维护计划完成率均达到90%，考试系统的正常运转率达到100%，无纸化考试完成率达90%。2、全省通过考试系统的道路运输从业人员人数达160万人。3、系统使用满意度不低于95%。","产出指标","数量指标","完成从业资格全年考试期数",">=","16","期","定量指标","反映完成从业资格全年考试情况。"]
["道路运输从业资格考试专项资金","1、保障我省86个经营性道路客货运输驾驶员从业资格考试考点正常开展从业资格考试,主要包括系统升级，运营维护、数据传输、监督管理，考试管理，系统管理规范及题库更新维护。做到100%系统运营维护。3.题库编制完成率、从业资格管理规范率、网络智能免费教学系统升级维护计划完成率均达到90%，考试系统的正常运转率达到100%，无纸化考试完成率达90%。2、全省通过考试系统的道路运输从业人员人数达160万人。3、系统使用满意度不低于95%。","产出指标","质量指标","考试题库功能的正常运转率","=","100","%","定量指标","反映从业人员考试题库试题运转情况。"]
["道路运输从业资格考试专项资金","1、保障我省86个经营性道路客货运输驾驶员从业资格考试考点正常开展从业资格考试,主要包括系统升级，运营维护、数据传输、监督管理，考试管理，系统管理规范及题库更新维护。做到100%系统运营维护。3.题库编制完成率、从业资格管理规范率、网络智能免费教学系统升级维护计划完成率均达到90%，考试系统的正常运转率达到100%，无纸化考试完成率达90%。2、全省通过考试系统的道路运输从业人员人数达160万人。3、系统使用满意度不低于95%。","产出指标","质量指标","考核员培训考试合格率",">=","90","%","定量指标","反映考核员培训考试合格情况。"]
["道路运输从业资格考试专项资金","1、保障我省86个经营性道路客货运输驾驶员从业资格考试考点正常开展从业资格考试,主要包括系统升级，运营维护、数据传输、监督管理，考试管理，系统管理规范及题库更新维护。做到100%系统运营维护。3.题库编制完成率、从业资格管理规范率、网络智能免费教学系统升级维护计划完成率均达到90%，考试系统的正常运转率达到100%，无纸化考试完成率达90%。2、全省通过考试系统的道路运输从业人员人数达160万人。3、系统使用满意度不低于95%。","效益指标","社会效益","当年全省道路运输从业人员人数增加比率",">=","2","%","定量指标","反映当年全省道路运输从业人员人数增加情况。"]
["道路运输从业资格考试专项资金","1、保障我省86个经营性道路客货运输驾驶员从业资格考试考点正常开展从业资格考试,主要包括系统升级，运营维护、数据传输、监督管理，考试管理，系统管理规范及题库更新维护。做到100%系统运营维护。3.题库编制完成率、从业资格管理规范率、网络智能免费教学系统升级维护计划完成率均达到90%，考试系统的正常运转率达到100%，无纸化考试完成率达90%。2、全省通过考试系统的道路运输从业人员人数达160万人。3、系统使用满意度不低于95%。","效益指标","可持续影响","当年统计全省道路运输从业人员总人数",">=","160","万人","定量指标","反映当年全省道路运输从业人员统计情况。"]
["道路运输从业资格考试专项资金","1、保障我省86个经营性道路客货运输驾驶员从业资格考试考点正常开展从业资格考试,主要包括系统升级，运营维护、数据传输、监督管理，考试管理，系统管理规范及题库更新维护。做到100%系统运营维护。3.题库编制完成率、从业资格管理规范率、网络智能免费教学系统升级维护计划完成率均达到90%，考试系统的正常运转率达到100%，无纸化考试完成率达90%。2、全省通过考试系统的道路运输从业人员人数达160万人。3、系统使用满意度不低于95%。","满意度指标","服务对象满意度","道路运输从业资格无纸化考试系统使用满意度",">=","95","%","定量指标","反映道路运输从业资格无纸化考试系统使用满意度情况。"]
["政务信息化运维服务项目补助资金","完成全省综合行政执法系统309点位网络线路租用工作、935台执法终端物联网卡租用、省局网站运维工作工作，按云南省交通运输厅实际要求，接入交通行业专网。可以实现如下预期目标：\n1.网络线路租用工作：a.州市支队至省行业专网：扩展各州市至省专线至100M，15条，备用10M,15条，共计30条；b.行业云机房到厅机房专线1G，1条；c.县区行业专网专线接入：10M，208条；\nd.互联网专线500M，1条。e.超限检测站专线接入：10M，69条。\n2.执法终端物联网卡租用工作不少于935台。\n3.省交通运输厅省交通运输综合行政执法局网站运维监测，确保网站正常运转，无错敏信息等。","产出指标","质量指标","全省执法系统网络线路租用数量",">=","309","条","定量指标","反映全省综合行政执法系统网络线路租用情况\n\n"]
["政务信息化运维服务项目补助资金","完成全省综合行政执法系统309点位网络线路租用工作、935台执法终端物联网卡租用、省局网站运维工作工作，按云南省交通运输厅实际要求，接入交通行业专网。可以实现如下预期目标：\n1.网络线路租用工作：a.州市支队至省行业专网：扩展各州市至省专线至100M，15条，备用10M,15条，共计30条；b.行业云机房到厅机房专线1G，1条；c.县区行业专网专线接入：10M，208条；\nd.互联网专线500M，1条。e.超限检测站专线接入：10M，69条。\n2.执法终端物联网卡租用工作不少于935台。\n3.省交通运输厅省交通运输综合行政执法局网站运维监测，确保网站正常运转，无错敏信息等。","产出指标","质量指标","网站全年完成更新无错漏比例",">=","95","%","定量指标","反映网站全年完成更新无错漏情况"]
["政务信息化运维服务项目补助资金","完成全省综合行政执法系统309点位网络线路租用工作、935台执法终端物联网卡租用、省局网站运维工作工作，按云南省交通运输厅实际要求，接入交通行业专网。可以实现如下预期目标：\n1.网络线路租用工作：a.州市支队至省行业专网：扩展各州市至省专线至100M，15条，备用10M,15条，共计30条；b.行业云机房到厅机房专线1G，1条；c.县区行业专网专线接入：10M，208条；\nd.互联网专线500M，1条。e.超限检测站专线接入：10M，69条。\n2.执法终端物联网卡租用工作不少于935台。\n3.省交通运输厅省交通运输综合行政执法局网站运维监测，确保网站正常运转，无错敏信息等。","产出指标","质量指标","全省执法系统物联网卡租用数量",">=","935","张","定量指标","反映全省综合行政执法系统物联网卡租用情况\n"]
["政务信息化运维服务项目补助资金","完成全省综合行政执法系统309点位网络线路租用工作、935台执法终端物联网卡租用、省局网站运维工作工作，按云南省交通运输厅实际要求，接入交通行业专网。可以实现如下预期目标：\n1.网络线路租用工作：a.州市支队至省行业专网：扩展各州市至省专线至100M，15条，备用10M,15条，共计30条；b.行业云机房到厅机房专线1G，1条；c.县区行业专网专线接入：10M，208条；\nd.互联网专线500M，1条。e.超限检测站专线接入：10M，69条。\n2.执法终端物联网卡租用工作不少于935台。\n3.省交通运输厅省交通运输综合行政执法局网站运维监测，确保网站正常运转，无错敏信息等。","效益指标","社会效益","通信链路故障历时","<=","120","小时","定量指标","反映每条通信链路全年的正常使用情况，为每条通信链路全年故障时间累加\n"]
["政务信息化运维服务项目补助资金","完成全省综合行政执法系统309点位网络线路租用工作、935台执法终端物联网卡租用、省局网站运维工作工作，按云南省交通运输厅实际要求，接入交通行业专网。可以实现如下预期目标：\n1.网络线路租用工作：a.州市支队至省行业专网：扩展各州市至省专线至100M，15条，备用10M,15条，共计30条；b.行业云机房到厅机房专线1G，1条；c.县区行业专网专线接入：10M，208条；\nd.互联网专线500M，1条。e.超限检测站专线接入：10M，69条。\n2.执法终端物联网卡租用工作不少于935台。\n3.省交通运输厅省交通运输综合行政执法局网站运维监测，确保网站正常运转，无错敏信息等。","效益指标","社会效益","云南省交通运输综合行政执法局局执法装备正常运转率",">=","95","%","定量指标","反映我单位按云南省交通运输厅实际要求开展综合执法业务"]
["政务信息化运维服务项目补助资金","完成全省综合行政执法系统309点位网络线路租用工作、935台执法终端物联网卡租用、省局网站运维工作工作，按云南省交通运输厅实际要求，接入交通行业专网。可以实现如下预期目标：\n1.网络线路租用工作：a.州市支队至省行业专网：扩展各州市至省专线至100M，15条，备用10M,15条，共计30条；b.行业云机房到厅机房专线1G，1条；c.县区行业专网专线接入：10M，208条；\nd.互联网专线500M，1条。e.超限检测站专线接入：10M，69条。\n2.执法终端物联网卡租用工作不少于935台。\n3.省交通运输厅省交通运输综合行政执法局网站运维监测，确保网站正常运转，无错敏信息等。","满意度指标","服务对象满意度","使用人员满意度度",">=","80","%","定量指标","反映使用对象对信息系统使用的满意度。\n使用人员满意度=（对信息系统满意的使用人员/问卷调查人数）*100%"]
["行政执法制式服装配（换）发购置专项经费","   根据《财政部、司法部关于印发<综合行政执法制式服装和标志管理办法>的通知》和《云南省财政厅 云南省司法厅关于印发<云南省综合行政执法制式服装和标志管理实施办法>的通知》要求，按照《热区、亚热区、北温区、寒区综合行政执法制式服装和标志预算定额标准》，为全面规范执法人员着装，树立形象，本项目是确保2025年为局属系统执法人员统一配（换）发行政执法制式服装和标志。其中，2022年12月已配发的夏装制式衬衣、单裤、单皮鞋期满需换发，共2119人；2023年新招录的123人配发不足需补发、2024年新招录的262人需全部配发。","产出指标","数量指标","购置计划完成率","=","100","%","定量指标","反映部门购置计划执行情况购置计划执行情况。\n购置计划完成率=（实际购置交付装备数量/计划购置交付装备数量）*100%。"]
["行政执法制式服装配（换）发购置专项经费","   根据《财政部、司法部关于印发<综合行政执法制式服装和标志管理办法>的通知》和《云南省财政厅 云南省司法厅关于印发<云南省综合行政执法制式服装和标志管理实施办法>的通知》要求，按照《热区、亚热区、北温区、寒区综合行政执法制式服装和标志预算定额标准》，为全面规范执法人员着装，树立形象，本项目是确保2025年为局属系统执法人员统一配（换）发行政执法制式服装和标志。其中，2022年12月已配发的夏装制式衬衣、单裤、单皮鞋期满需换发，共2119人；2023年新招录的123人配发不足需补发、2024年新招录的262人需全部配发。","产出指标","质量指标","抽检验收通过率","=","100","%","定量指标","反映服装抽检验收通过情况。\n验收通过率=（通过验收的抽检服装数量/抽检服装总数量）*100%。"]
["行政执法制式服装配（换）发购置专项经费","   根据《财政部、司法部关于印发<综合行政执法制式服装和标志管理办法>的通知》和《云南省财政厅 云南省司法厅关于印发<云南省综合行政执法制式服装和标志管理实施办法>的通知》要求，按照《热区、亚热区、北温区、寒区综合行政执法制式服装和标志预算定额标准》，为全面规范执法人员着装，树立形象，本项目是确保2025年为局属系统执法人员统一配（换）发行政执法制式服装和标志。其中，2022年12月已配发的夏装制式衬衣、单裤、单皮鞋期满需换发，共2119人；2023年新招录的123人配发不足需补发、2024年新招录的262人需全部配发。","效益指标","经济效益","服装购置经济性","<=","1004300","元","定量指标","实际购置数量和支付情况"]
["行政执法制式服装配（换）发购置专项经费","   根据《财政部、司法部关于印发<综合行政执法制式服装和标志管理办法>的通知》和《云南省财政厅 云南省司法厅关于印发<云南省综合行政执法制式服装和标志管理实施办法>的通知》要求，按照《热区、亚热区、北温区、寒区综合行政执法制式服装和标志预算定额标准》，为全面规范执法人员着装，树立形象，本项目是确保2025年为局属系统执法人员统一配（换）发行政执法制式服装和标志。其中，2022年12月已配发的夏装制式衬衣、单裤、单皮鞋期满需换发，共2119人；2023年新招录的123人配发不足需补发、2024年新招录的262人需全部配发。","满意度指标","服务对象满意度","着装人员满意度",">=","90","%","定量指标","反映着装人员对购置服装的整体满意情况。\n着装人员满意度=（对购置服装满意的人数/问卷调查人数）*100%。"]
["川渝滇黔四（省）市交通执法协作工作专项经费","为落实《川渝黔滇交通运输执法协作意见(试行）》，2025年轮值到省交通执法局在昆明组织召开川渝黔滇四省（市）交通执法联席会议。本项目为开展川渝黔滇四省（市）交通运输综合行政执法协作工作，加强政策协同、完善工作机制、深化信息共享、强化协作联动，推动区域执法协作制度化、规范化、体系化、数字化，切实形成区域执法监管和执法服务合力，打造共建共管共治的交通运输一体化治理格局，更好服务保障交通运输高质量发展提供有力的经费保障。2025年预算年度目标为：举办会议次数1次，会议人次小于等于200人次，计划完成率等于100%，现场会议为1次，参会人员满意度大于等于95%。","产出指标","数量指标","会议次数","<=","1.00","次","定量指标","反映预算部门（单位）组织开展各类会议的总次数。"]
["川渝滇黔四（省）市交通执法协作工作专项经费","为落实《川渝黔滇交通运输执法协作意见(试行）》，2025年轮值到省交通执法局在昆明组织召开川渝黔滇四省（市）交通执法联席会议。本项目为开展川渝黔滇四省（市）交通运输综合行政执法协作工作，加强政策协同、完善工作机制、深化信息共享、强化协作联动，推动区域执法协作制度化、规范化、体系化、数字化，切实形成区域执法监管和执法服务合力，打造共建共管共治的交通运输一体化治理格局，更好服务保障交通运输高质量发展提供有力的经费保障。2025年预算年度目标为：举办会议次数1次，会议人次小于等于200人次，计划完成率等于100%，现场会议为1次，参会人员满意度大于等于95%。","产出指标","数量指标","会议人次","<=","200.00","人次","定量指标","反映预算部门（单位）组织开展各类会议的参与人次。"]
["川渝滇黔四（省）市交通执法协作工作专项经费","为落实《川渝黔滇交通运输执法协作意见(试行）》，2025年轮值到省交通执法局在昆明组织召开川渝黔滇四省（市）交通执法联席会议。本项目为开展川渝黔滇四省（市）交通运输综合行政执法协作工作，加强政策协同、完善工作机制、深化信息共享、强化协作联动，推动区域执法协作制度化、规范化、体系化、数字化，切实形成区域执法监管和执法服务合力，打造共建共管共治的交通运输一体化治理格局，更好服务保障交通运输高质量发展提供有力的经费保障。2025年预算年度目标为：举办会议次数1次，会议人次小于等于200人次，计划完成率等于100%，现场会议为1次，参会人员满意度大于等于95%。","产出指标","质量指标","是否纳入年度计划","=","是","是/否","定量指标","反映会议是否纳入部门的年度计划。"]
["川渝滇黔四（省）市交通执法协作工作专项经费","为落实《川渝黔滇交通运输执法协作意见(试行）》，2025年轮值到省交通执法局在昆明组织召开川渝黔滇四省（市）交通执法联席会议。本项目为开展川渝黔滇四省（市）交通运输综合行政执法协作工作，加强政策协同、完善工作机制、深化信息共享、强化协作联动，推动区域执法协作制度化、规范化、体系化、数字化，切实形成区域执法监管和执法服务合力，打造共建共管共治的交通运输一体化治理格局，更好服务保障交通运输高质量发展提供有力的经费保障。2025年预算年度目标为：举办会议次数1次，会议人次小于等于200人次，计划完成率等于100%，现场会议为1次，参会人员满意度大于等于95%。","产出指标","时效指标","计划完成及时率","=","100","%","定量指标","计划完成率=在规定时间内宣传任务完成数/宣传任务计划数*100%"]
["川渝滇黔四（省）市交通执法协作工作专项经费","为落实《川渝黔滇交通运输执法协作意见(试行）》，2025年轮值到省交通执法局在昆明组织召开川渝黔滇四省（市）交通执法联席会议。本项目为开展川渝黔滇四省（市）交通运输综合行政执法协作工作，加强政策协同、完善工作机制、深化信息共享、强化协作联动，推动区域执法协作制度化、规范化、体系化、数字化，切实形成区域执法监管和执法服务合力，打造共建共管共治的交通运输一体化治理格局，更好服务保障交通运输高质量发展提供有力的经费保障。2025年预算年度目标为：举办会议次数1次，会议人次小于等于200人次，计划完成率等于100%，现场会议为1次，参会人员满意度大于等于95%。","效益指标","经济效益","现场会议","=","1.00","次","定量指标","反映通过现场方式召开会议的次数。"]
["川渝滇黔四（省）市交通执法协作工作专项经费","为落实《川渝黔滇交通运输执法协作意见(试行）》，2025年轮值到省交通执法局在昆明组织召开川渝黔滇四省（市）交通执法联席会议。本项目为开展川渝黔滇四省（市）交通运输综合行政执法协作工作，加强政策协同、完善工作机制、深化信息共享、强化协作联动，推动区域执法协作制度化、规范化、体系化、数字化，切实形成区域执法监管和执法服务合力，打造共建共管共治的交通运输一体化治理格局，更好服务保障交通运输高质量发展提供有力的经费保障。2025年预算年度目标为：举办会议次数1次，会议人次小于等于200人次，计划完成率等于100%，现场会议为1次，参会人员满意度大于等于95%。","满意度指标","服务对象满意度","参会人员满意度",">=","95","%","定量指标","反映参会人员对会议内容、会议服务、会议效果等的满意度。"]

{"sheet":"部门政府性基金预算表06","index":9,"n_rows":10,"n_cols":6,"rows_kept":10,"merged":[[2,0,2,5],[4,0,5,0],[4,1,5,1],[4,2,5,2],[4,3,4,5],[8,0,8,2]]}
[]
[{"$nulls":5},"预算06表"]
["2025年政府性基金预算支出预算表"]
[{"$f":"\"单位名称：\"&\"云南省交通运输综合行政执法局\"","v":"单位名称：云南省交通运输综合行政执法局"},{"$nulls":4},"单位:元"]
["单位名称","科目编码","科目名称","政府性基金预算支出"]
[{"$nulls":3},"合计","基本支出","项目支出"]
[1,2,3,4,5,6]
[]
["合  计",null,"合  计"]
["说明：2025年云南省交通运输综合行政执法局（本级）无用政府性基金安排的支出预算，故该表为空表。"]

{"sheet":"部门政府采购预算表07","index":10,"n_rows":25,"n_cols":17,"rows_kept":25,"merged":[[2,0,2,16],[3,0,3,5],[4,0,6,0],[4,1,6,1],[4,2,6,2],[4,3,6,3],[4,4,6,4],[4,5,6,5],[4,6,4,16],[5,6,6,6],[5,7,6,7],[5,8,6,8],[5,9,6,9],[5,10,6,10],[5,11,5,16],[24,0,24,4]]}
[]
[{"$nulls":16},"预算07表"]
["2025年部门政府采购预算表"]
[{"$f":"\"单位名称：\"&\"云南省交通运输综合行政执法局\"","v":"单位名称：云南省交通运输综合行政执法局"},{"$nulls":15},"单位：元"]
["预算项目","采购项目","采购目录","计量\n单位","数量","面向中小企业预留资金","资金来源"]
[{"$nulls":6},"合计","一般公共预算","政府性\n基金","国有资本经营收益","财政专户管理的收入","单位自筹"]
[{"$nulls":7},"小计",{"$nulls":3},"小计","事业收入","事业单位\n经营收入","上级补助收入","附属单位上缴收入","其他收入"]
[1,2,3,4,5,6,7,8,9,10,11,12,13,14,15,16,17]
["云南省交通运输综合行政执法局",{"$nulls":4},{"v":2106800,"d":"2,106,800.00"},{"v":8668200,"d":"8,668,200.00"},{"v":8668200,"d":"8,668,200.00"}]
["公车购置及运维费","车辆加油服务","C23120302 车辆加油、添加燃料服务","项",1,null,{"v":25000,"d":"25,000.00"},{"v":25000,"d":"25,000.00"}]
["公车购置及运维费","车辆维修和保养服务","C23120301 车辆维修和保养服务","项",1,null,{"v":27000,"d":"27,000.00"},{"v":27000,"d":"27,000.00"}]
["公车购置及运维费","车辆保险服务","C1804010201 机动车保险服务","项",1,null,{"v":8000,"d":"8,000.00"},{"v":8000,"d":"8,000.00"}]
["一般公用经费","复印纸","A05040101 复印纸","箱",150,{"v":30000,"d":"30,000.00"},{"v":30000,"d":"30,000.00"},{"v":30000,"d":"30,000.00"}]
["交通运输行政执法监管专项经费","保密柜","A05010504 保密柜","个",2,{"v":6000,"d":"6,000.00"},{"v":6000,"d":"6,000.00"},{"v":6000,"d":"6,000.00"}]
["交通运输行政执法监管专项经费","执法人员意外伤害险","C18040000 保险服务","项",1,{"v":808500,"d":"808,500.00"},{"v":808500,"d":"808,500.00"},{"v":808500,"d":"808,500.00"}]
["交通运输行政执法监管专项经费","移动执法终端（PAD）","A02010401 触摸式终端设备","台",145,null,{"v":870000,"d":"870,000.00"},{"v":870000,"d":"870,000.00"}]
["交通运输行政执法监管专项经费","密集架","A05010602 金属质架类","立方",140,{"v":252000,"d":"252,000.00"},{"v":252000,"d":"252,000.00"},{"v":252000,"d":"252,000.00"}]
["交通运输行政执法监管专项经费","手机屏蔽柜","A05010599 其他柜类","个",1,{"v":6000,"d":"6,000.00"},{"v":6000,"d":"6,000.00"},{"v":6000,"d":"6,000.00"}]
["交通运输行政执法监管专项经费","省交通执法局物业管理服务","C21040000 物业管理服务","项",1,null,{"v":2278600,"d":"2,278,600.00"},{"v":2278600,"d":"2,278,600.00"}]
["政务信息化运维服务项目补助资金","省交通运输厅省交通运输综合行政执法局网站运维监测2025年项目","C16070300 软件运维服务","项",1,null,{"v":150000,"d":"150,000.00"},{"v":150000,"d":"150,000.00"}]
["政务信息化运维服务项目补助资金","云南省交通运输综合行政执法局执法终端物联网保障2025年项目_物联网卡租用","C17010200 网络接入服务","项",1,null,{"v":280000,"d":"280,000.00"},{"v":280000,"d":"280,000.00"}]
["政务信息化运维服务项目补助资金","云南省交通运输综合行政执法系统网络租用2025年项目","C17010200 网络接入服务","项",1,null,{"v":2772800,"d":"2,772,800.00"},{"v":2772800,"d":"2,772,800.00"}]
["政务信息化运维服务项目补助资金","云南省交通运输综合行政执法局执法终端物联网保障2025年项目_执法终端维修维护","C16070200 硬件运维服务","项",1,null,{"v":150000,"d":"150,000.00"},{"v":150000,"d":"150,000.00"}]
["行政执法制式服装配（换）发购置专项经费","制式服装和标志采购","A05030301 制服","项",1,{"v":1004300,"d":"1,004,300.00"},{"v":1004300,"d":"1,004,300.00"},{"v":1004300,"d":"1,004,300.00"}]
["合  计",{"$nulls":4},{"v":2106800,"d":"2,106,800.00"},{"v":8668200,"d":"8,668,200.00"},{"v":8668200,"d":"8,668,200.00"}]

{"sheet":"部门政府购买服务预算表08","index":11,"n_rows":12,"n_cols":14,"rows_kept":12,"merged":[[2,0,2,13],[3,0,3,2],[4,0,6,0],[4,1,6,1],[4,2,6,2],[4,3,4,13],[5,3,6,3],[5,4,6,4],[5,5,6,5],[5,6,6,6],[5,7,6,7],[5,8,5,13],[10,0,10,2]]}
[]
[{"$nulls":13},"预算08表"]
["2025年部门政府购买服务预算表"]
[{"$f":"\"单位名称：\"&\"云南省交通运输综合行政执法局\"","v":"单位名称：云南省交通运输综合行政执法局"},{"$nulls":12},"单位：元"]
["预算项目","政府购买服务项目","政府购买服务目录","资金来源"]
[{"$nulls":3},"合计","一般公共预算","政府性\n基金","国有资本经营收益","财政专户管理的收入","单位自筹"]
[{"$nulls":8},"小计","事业收入","事业单位\n经营收入","上级补助收入","附属单位上缴收入","其他收入"]
[1,2,3,4,5,6,7,8,9,10,11,12,13,14]
[]
[]
["合  计"]
["说明：2025年云南省交通运输综合行政执法局（本级）无政府购买服务支出预算，故该表为空表。"]

{"sheet":"省对下转移支付预算表09-1","index":12,"n_rows":10,"n_cols":23,"rows_kept":10,"merged":[[2,0,2,22],[3,0,3,8],[4,0,5,0],[4,1,4,3],[4,4,4,22]]}
[]
[{"$nulls":22},"预算09-1表"]
["2025年省对下转移支付预算表"]
[{"$f":"\"单位名称：\"&\"云南省交通运输综合行政执法局\"","v":"单位名称：云南省交通运输综合行政执法局"},{"$nulls":21},"单位：元"]
["单位名称（项目）","资金来源",null,null,"地区"]
[null,"合计","一般公共预算","政府性基金","昆明","昭通","曲靖","玉溪","红河","文山","普洱","西双版纳","楚雄","大理","保山","德宏","丽江","怒江","迪庆","临沧","宣威","腾冲","镇雄"]
[1,2,3,4,5,6,7,8,9,10,11,12,13,14,15,16,17,18,19,20,21,22,23]
[]
[]
["说明：2025年云南省交通运输综合行政执法局（本级）无用省对下转移支付安排的支出预算，故该表为空表。"]

{"sheet":"省对下转移支付绩效目标表09-2","index":13,"n_rows":9,"n_cols":10,"rows_kept":9,"merged":[[2,0,2,9],[3,0,3,7]]}
[]
[{"$nulls":9},"预算09-2表"]
["2025年省对下转移支付绩效目标表"]
[{"$f":"\"单位名称：\"&\"云南省交通运输综合行政执法局\"","v":"单位名称：云南省交通运输综合行政执法局"}]
["单位名称、项目名称","项目年度绩效目标","一级指标","二级指标","三级指标","指标性质","指标值","度量单位","指标属性","指标内容"]
[1,2,3,4,5,6,7,8,9,10]
[]
[]
["说明：2025年云南省交通运输综合行政执法局（本级）无用省对下转移支付安排的支出预算，故该表为空表。"]

{"sheet":"新增资产配置表10","index":14,"n_rows":38,"n_cols":8,"rows_kept":38,"merged":[[2,0,2,7],[4,0,5,0],[4,1,5,1],[4,2,5,2],[4,3,5,3],[4,4,5,4],[4,5,4,7],[37,0,37,4]]}
[]
[{"$nulls":7},"预算10表"]
["2025年新增资产配置表"]
[{"$f":"\"单位名称：\"&\"云南省交通运输综合行政执法局\"","v":"单位名称：云南省交通运输综合行政执法局"}]
["单位名称","资产类别","资产分类代码.名称","资产名称","计量单位","财政部门批复数（元）"]
[{"$nulls":5},"数量","单价","金额"]
["1","2","3","4","5","6","7","8"]
["云南省交通运输综合行政执法局","设备","A02010105 台式计算机","国产化台式电脑","台",23,{"v":6000,"d":"6,000.00"},{"v":138000,"d":"138,000.00"}]
["云南省交通运输综合行政执法局","设备","A02010401 触摸式终端设备","移动执法终端（PAD）","台",145,{"v":6000,"d":"6,000.00"},{"v":870000,"d":"870,000.00"}]
["云南省交通运输综合行政执法局","设备","A02020100 复印机","高速彩色复印机","台",1,{"v":120000,"d":"120,000.00"},{"v":120000,"d":"120,000.00"}]
["云南省交通运输综合行政执法局","设备","A02020100 复印机","高速黑白复印机","台",1,{"v":80000,"d":"80,000.00"},{"v":80000,"d":"80,000.00"}]
["云南省交通运输综合行政执法局","设备","A02020200 投影仪","投影仪","台",1,{"v":15000,"d":"15,000.00"},{"v":15000,"d":"15,000.00"}]
["云南省交通运输综合行政执法局","设备","A02020400 多功能一体机","多功能一体机","台",2,{"v":3000,"d":"3,000.00"},{"v":6000,"d":"6,000.00"}]
["云南省交通运输综合行政执法局","设备","A02020600 执法记录仪","执法记录仪","台",151,{"v":3160,"d":"3,160.00"},{"v":477160,"d":"477,160.00"}]
["云南省交通运输综合行政执法局","设备","A02021003 A4黑白打印机","黑白打印机","台",24,{"v":1500,"d":"1,500.00"},{"v":36000,"d":"36,000.00"}]
["云南省交通运输综合行政执法局","设备","A02061818 饮水器","饮水机","台",10,{"v":1000,"d":"1,000.00"},{"v":10000,"d":"10,000.00"}]
["云南省交通运输综合行政执法局","设备","A02080701 普通电话机","电话机","部",5,{"v":200,"d":"200.00"},{"v":1000,"d":"1,000.00"}]
["云南省交通运输综合行政执法局","设备","A02091107 视频监控设备","档案室监控系统","套",1,{"v":16450,"d":"16,450.00"},{"v":16450,"d":"16,450.00"}]
["云南省交通运输综合行政执法局","设备","A02370400 安全、检查、监视、报警设备","档案室安防系统","套",1,{"v":7000,"d":"7,000.00"},{"v":7000,"d":"7,000.00"}]
["云南省交通运输综合行政执法局","设备","A02370400 安全、检查、监视、报警设备","档案室报警系统","套",1,{"v":1470,"d":"1,470.00"},{"v":1470,"d":"1,470.00"}]
["云南省交通运输综合行政执法局","设备","A02370400 安全、检查、监视、报警设备","档案室门禁系统","套",1,{"v":3870,"d":"3,870.00"},{"v":3870,"d":"3,870.00"}]
["云南省交通运输综合行政执法局","设备","A02370400 安全、检查、监视、报警设备","档案室外围设备","套",1,{"v":5280,"d":"5,280.00"},{"v":5280,"d":"5,280.00"}]
["云南省交通运输综合行政执法局","家具和用品","A05010301 办公椅","办公椅","把",3,{"v":800,"d":"800.00"},{"v":2400,"d":"2,400.00"}]
["云南省交通运输综合行政执法局","家具和用品","A05010301 办公椅","办公椅","把",7,{"v":800,"d":"800.00"},{"v":5600,"d":"5,600.00"}]
["云南省交通运输综合行政执法局","家具和用品","A05010301 办公椅","办公椅","把",64,{"v":800,"d":"800.00"},{"v":51200,"d":"51,200.00"}]
["云南省交通运输综合行政执法局","家具和用品","A05010301 办公椅","办公椅","把",1,{"v":1500,"d":"1,500.00"},{"v":1500,"d":"1,500.00"}]
["云南省交通运输综合行政执法局","家具和用品","A05010302 桌前椅","桌前椅","张",4,{"v":260,"d":"260.00"},{"v":1040,"d":"1,040.00"}]
["云南省交通运输综合行政执法局","家具和用品","A05010501 书柜","书柜","个",2,{"v":2000,"d":"2,000.00"},{"v":4000,"d":"4,000.00"}]
["云南省交通运输综合行政执法局","家具和用品","A05010501 书柜","书柜","个",50,{"v":1200,"d":"1,200.00"},{"v":60000,"d":"60,000.00"}]
["云南省交通运输综合行政执法局","家具和用品","A05010502 文件柜","文件柜","个",1,{"v":2000,"d":"2,000.00"},{"v":2000,"d":"2,000.00"}]
["云南省交通运输综合行政执法局","家具和用品","A05010502 文件柜","文件柜","个",50,{"v":1000,"d":"1,000.00"},{"v":50000,"d":"50,000.00"}]
["云南省交通运输综合行政执法局","家具和用品","A05010503 更衣柜","衣柜","个",4,{"v":790,"d":"790.00"},{"v":3160,"d":"3,160.00"}]
["云南省交通运输综合行政执法局","家具和用品","A05010504 保密柜","档案室保密柜","个",2,{"v":3000,"d":"3,000.00"},{"v":6000,"d":"6,000.00"}]
["云南省交通运输综合行政执法局","家具和用品","A05010599 其他柜类","档案室手机屏蔽柜","个",1,{"v":6000,"d":"6,000.00"},{"v":6000,"d":"6,000.00"}]
["云南省交通运输综合行政执法局","家具和用品","A05010602 金属质架类","档案密集架","立方米",140,{"v":1800,"d":"1,800.00"},{"v":252000,"d":"252,000.00"}]
["云南省交通运输综合行政执法局","家具和用品","A05010602 金属质架类","盆架","个",4,{"v":380,"d":"380.00"},{"v":1520,"d":"1,520.00"}]
["云南省交通运输综合行政执法局","无形资产","A08060301 基础软件","国产化电脑软件","项",23,{"v":4000,"d":"4,000.00"},{"v":92000,"d":"92,000.00"}]
["合计",{"$nulls":4},724,null,{"v":2325650,"d":"2,325,650.00"}]

{"sheet":"中央转移支付补助项目支出预算表11","index":15,"n_rows":12,"n_cols":11,"rows_kept":12,"merged":[[2,0,2,10],[3,0,3,6],[4,0,6,0],[4,1,6,1],[4,2,6,2],[4,3,6,3],[4,4,6,4],[4,5,6,5],[4,6,6,6],[4,7,6,7],[4,8,4,10],[5,8,6,8],[5,9,6,9],[5,10,6,10],[10,0,10,6]]}
[]
[{"$nulls":10},"预算11表"]
["2025年中央转移支付补助项目支出预算表"]
[{"$f":"\"单位名称：\"&\"云南省交通运输综合行政执法局\"","v":"单位名称：云南省交通运输综合行政执法局"},{"$nulls":9},"单位：元"]
["项目分类","项目名称","项目单位","功能科目编码","功能科目名称","经济科目编码","经济科目名称","合计","上级补助"]
[{"$nulls":8},"一般公共预算","政府性基金预算","国有资本经营预算"]
[{"$nulls":8},"小计"]
[1,2,3,4,5,6,7,8,9,10,11]
[]
[]
["合  计"]
["说明：2025年云南省交通运输综合行政执法局（本级）无中央转移支付支出预算，故该表为空表。"]

{"sheet":"部门项目支出中期规划预算表12","index":16,"n_rows":15,"n_cols":7,"rows_kept":15,"merged":[[2,0,2,6],[3,0,3,3],[4,0,6,0],[4,1,6,1],[4,2,6,2],[4,3,6,3],[4,4,4,6],[5,4,6,4],[5,5,6,5],[5,6,6,6],[14,0,14,3]]}
[]
[{"$nulls":6},"预算12表"]
["2025年部门项目支出中期规划预算表"]
[{"$f":"\"单位名称：\"&\"云南省交通运输综合行政执法局\"","v":"单位名称：云南省交通运输综合行政执法局"},{"$nulls":5},"单位：元"]
["项目单位","项目分类","项目名称","项目级次","一般公共预算"]
[{"$nulls":4},"2025年","2026年","2027年"]
[{"$nulls":5},"小计"]
[1,2,3,4,5,6,7]
["云南省交通运输综合行政执法局",{"$nulls":3},{"v":13874310,"d":"13,874,310.00"},{"v":13874310,"d":"13,874,310.00"},{"v":13874310,"d":"13,874,310.00"}]
[null,"229 其他运转类","政务信息化运维服务项目补助资金","本级",{"v":3352800,"d":"3,352,800.00"},{"v":3352800,"d":"3,352,800.00"},{"v":3352800,"d":"3,352,800.00"}]
[null,"229 其他运转类","川渝滇黔四（省）市交通执法协作工作专项经费","本级",{"v":110000,"d":"110,000.00"},{"v":110000,"d":"110,000.00"},{"v":110000,"d":"110,000.00"}]
[null,"311 专项业务类","交通运输行政执法监管专项经费","本级",{"v":8407210,"d":"8,407,210.00"},{"v":8407210,"d":"8,407,210.00"},{"v":8407210,"d":"8,407,210.00"}]
[null,"312 民生类","道路运输从业资格考试专项资金","本级",{"v":1000000,"d":"1,000,000.00"},{"v":1000000,"d":"1,000,000.00"},{"v":1000000,"d":"1,000,000.00"}]
[null,"313 事业发展类","行政执法制式服装配（换）发购置专项经费","本级",{"v":1004300,"d":"1,004,300.00"},{"v":1004300,"d":"1,004,300.00"},{"v":1004300,"d":"1,004,300.00"}]
["合计","",null,null,{"v":13874310,"d":"13,874,310.00"},{"v":13874310,"d":"13,874,310.00"},{"v":13874310,"d":"13,874,310.00"}]